Statistics for NAME A 1500 YARD RECEIVER FOR THE NFL TEAM

Click here to take the quiz!

General Stats

  • This quiz has been taken 36 times
  • The average score is 18 of 25

Answer Stats

HintAnswer% Correct
Atlanta FalconsJulio Jones
97%
Buffalo BillsStefon Diggs
97%
Detroit LionsCalvin Johnson / Herman Moore
91%
San Francisco 49ersJerry Rice
91%
Minnesota VikingsJustin Jefferson / Randy Moss
91%
Indianapolis ColtsMarvin Harrison / Reggie Wayne
88%
Tampa Bay BuccaneersMike Evans
88%
Houston TexansAndre Johnson / DeAndre Hopkins
84%
Los Angeles / St. Louis RamsCooper Kupp / Isaac Bruce/ Torry Holt / Roy Green
84%
New Orleans SaintsMichael Thomas
84%
Pittsburgh SteelersAntonio Brown
81%
Green Bay PackersDavante Adams / Jordy Nelson
81%
Denver BroncosDemaryius Thomas / Rod Smith
81%
Dallas CowboysMichael Irvin
81%
Carolina PanthersSteve Smith Sr.
78%
New England PatriotsWes Welker
78%
Miami DolphinsTyreek Hill
72%
New York GiantsVictor Cruz
66%
New York JetsBrandon Marshall
59%
Chicago BearsBrandon Marshall
56%
Jacksonville JaguarsJimmy Smith
56%
Cleveland BrownsJosh Gordon
53%
Arizona CardinalsDavid Boston / Rob Moore
44%
Los Angeles / San Diego ChargersLance Alworth
38%
Tennessee Titans / Houston OilersCharley Hennigan
6%

Score Distribution

Percentile by Number Answered

Percent of People with Each Score

Your Score History

You have not taken this quiz